00586nam a2200157Ia 4500003000900000008004100009040001600050080002200066100002400088111007700112245011300189260003900302300002300341650004100364650002300405IN-BaIIA211028s9999 xx 000 0 eng d cIIA Library a082.2:52bIAU-C15 aBasinska-Grzesik, E aColloquium on New Directions and New Frontiers in Variable Star Research 0aChemical and dynamical evolution of our galaxycE. Basinska-Grzesik  aSauvernybGeneva Observatoryc1977 a[various pagings.] aAstronomy and astrophysics thesaurus aGalaxies evolution